• 首页
  • 本馆介绍
  • 公告通知
  • 最新文献
  • 馆藏检索
  • 电子资源
  • 读者导购
  • 参考咨询
  • 我的图书馆
  • 登录
  • 详细信息显示
  • 放入我的书架
  • 预约/预借图书
  • 作者相关作品
  • 分类相关作品
  • 丛书相关作品
  • 出版社相关作品

书目信息

  • 表格格式
  • 工作单格式
  • 卡片格式
题名:
玛湖凹陷百口泉组粗粒三角洲成因机制与展布规律
    
 
作者: 邵雨 著
分册:  
出版信息: 北京   科学出版社  2017.01
页数: 228页
开本: 26cm
丛书名: 准噶尔盆地勘探理论与实践系列丛书
单 册:
中图分类: P548.245
科图分类:
主题词:
电子资源:
ISBN: 978-7-03-050374-9
000 01695nam 2200301 450
001 0109110137
005 20201109110336.0
010    @a978-7-03-050374-9@dCNY198.00
100    @a20181129e20202017em y0chiy50 ea
101 0  @achi
102    @aCN@b110000
105    @aaf z 000yy
106    @ar
200 1  @a玛湖凹陷百口泉组粗粒三角洲成因机制与展布规律@Ama hu ao xian bai kou quan zu cu li san jiao zhou cheng yin ji zhi yu zhan bu gui lv@dThe sedimentary genesis and distribution of the coarsegrained delta of baikouquan formation, mahu depression@f邵雨等著@zeng
210    @a北京@c科学出版社@d2017.01@h2020.02
215    @a228页@c图, [27页]图版@d26cm
225 2  @a准噶尔盆地勘探理论与实践系列丛书@Azhun ga er pen di kan tan li lun yu shi jian xi lie cong shu
300    @a国家自然科学基金面上项目
304    @a著者还有:李学义、于兴河、瞿建华、阿布力米提·依明
330    @a本文以详细写实性岩心精细描述、实验测试、测井及地震资料综合分析为基础;以沉积背景、沉积特征、成因类型及展布规律综合研究为主线,以扇三角洲的成因机制为重点,以砾岩结构-成因类型为核心,对百口泉组砾岩进行了深入研究。理清了百口泉组大型粗粒扇三角洲的形成机制,总结了砾岩沉积特征,提出了砾岩结构-成因分类,建立了砾岩沉积模式,明确了扇三角洲演化规律与展布特征。
461  0 @12001 @a准噶尔盆地勘探理论与实践系列丛书
510 1  @aSedimentary genesis and distribution of the coarsegrained delta of baikouquan formation, mahu depression@zeng
607    @a准噶尔盆地@Azhun ga er pen di@x粗粒土@x三角洲@x成因
607    @a准噶尔盆地@Azhun ga er pen di@x粗粒土@x三角洲@x砂体
690    @aP548.245@v5
701  0 @a邵雨@Ashao yu@f(1962~)@4著
801  0 @aCN@bBJSZM@c20201103
905    @b1213578-9@dP548.245@e156@f2
    
    玛湖凹陷百口泉组粗粒三角洲成因机制与展布规律=The sedimentary genesis and distribution of the coarsegrained delta of baikouquan formation, mahu depression/邵雨等著.-北京:科学出版社,2017.01(2020.02)
    228页:图, [27页]图版;26cm.-(准噶尔盆地勘探理论与实践系列丛书)
    国家自然科学基金面上项目
    
    ISBN 978-7-03-050374-9:CNY198.00
    本文以详细写实性岩心精细描述、实验测试、测井及地震资料综合分析为基础;以沉积背景、沉积特征、成因类型及展布规律综合研究为主线,以扇三角洲的成因机制为重点,以砾岩结构-成因类型为核心,对百口泉组砾岩进行了深入研究。理清了百口泉组大型粗粒扇三角洲的形成机制,总结了砾岩沉积特征,提出了砾岩结构-成因分类,建立了砾岩沉积模式,明确了扇三角洲演化规律与展布特征。
●
相关链接 在E读中查询图书 在五车中查询图书 在当当中查询图书 在豆瓣中查询图书


正题名:玛湖凹陷百口泉组粗粒三角洲成因机制与展布规律     索取号:P548.245/156         预约/预借

序号 登录号 条形码 馆藏地/架位号 状态 备注
1 1213578   212135786   第二样本阅览室/ [索取号:P548.245/156] 在馆    
2 1213579   212135795   第三借阅区/ [索取号:P548.245/156] 在馆    
唐山师范学院图书馆 欢迎您!
大连网信软件有限公司© 版权所有